| 000 | 02111cam a2200289 4500500 | ||
|---|---|---|---|
| 005 | 20260405001007.0 | ||
| 041 | _afre | ||
| 042 | _adc | ||
| 100 | 1 | 0 |
_aBoulesnane, Sabrina _eauthor |
| 700 | 1 | 0 |
_aBouzidi, Laïd _eauthor |
| 700 | 1 | 0 |
_aThivant, Eric _eauthor |
| 245 | 0 | 0 | _aChapitre 5. Réflexion sur les profils utilisateurs pour la conception de plateformes d’e-commerce |
| 260 | _c2026. | ||
| 500 | _a94 | ||
| 520 | _aCette recherche exploratoire propose de réfléchir à la modélisation des profils utilisateurs pour le développement de plateformes d’e-commerce innovant. Nous présentons différentes théories sur l’analyse des comportements informationnels et sur l’expérience utilisateurs (UX) pour la conception des sites web. La recherche souligne l’importance d’intégrer les émotions et les données biométriques dans la modélisation des profils utilisateurs. Cette approche pluridisciplinaire propose un protocole expérimental et ouvre des pistes pour concevoir des plateformes e-commerce plus pertinentes et adaptées aux attentes des utilisateurs. | ||
| 520 | _aThe exploratory research wants to know how to build better user profiles for innovating e-commerce platforms. We present different theories for analyzing online information behaviour, and for modeling User Experiences (UX). The research highlights the importance of integrating emotions and biometric data into user profile modeling. This multidisciplinary approach proposes an experimental protocol for designing e-commerce platforms that are more relevant and tailored to user expectations. | ||
| 690 | _aconception de site web | ||
| 690 | _aémotions | ||
| 690 | _aexpérience utilisateur | ||
| 690 | _aprofils utilisateurs | ||
| 690 | _aemotions | ||
| 690 | _aUser experience (UX) | ||
| 690 | _auser profiles | ||
| 690 | _aWebsite(s) Design | ||
| 786 | 0 | _nManagement des technologies organisationnelles | 17 | 1 | 2026-03-12 | p. 77-89 | 2553-3851 | |
| 856 | 4 | 1 | _uhttps://shs.cairn.info/revue-management-des-technologies-organisationnelles-2026-1-page-77?lang=fr&redirect-ssocas=7080 |
| 999 |
_c2042971 _d2042971 |
||